=LDR 00000nam 2200000 4500 =001 INLIS000000000060547 =005 20220222114658 =035 ##$$a 0010-0222000101 =007 ta =008 220222###########################0#ind## =020 ##$$a tidak Teridentifikasi =082 ##$$a 320.1 =084 ##$$a 320.1 Sef m =245 1#$$a Menghadirkan Negara di Daerah Kepulauan /$c Ir. Sefti Ramsiaty, MSi =300 ##$$a 104 halaman : $b ilustrasi ; $c 21 cm =650 #4$$a Negara - Kepulauan =264 ##$$a Jakarta :$b Komite I DPD RI,$c 2017 =336 ##$$a teks$2 rdacontent =337 ##$$a lain-lain$2 rdamedia =338 ##$$a lain-lain$2 rdacarrier =990 ##$$a 06270627